000 00286nam a2200121 a 4500
008 100914s1971|||| d
100 1 _aDhôtel, André
245 1 0 _aGaspardove dobrodružstvá
020 _c14
044 _axo
_cSK
041 _aslo
260 _aBratislava
_bPravda
_c1971
999 _c10303
_d10303